Geography Quiz

Random Geography or World Quiz

10 Most and Least Welcoming Countries Quiz Stats

 Plays Quiz not verified by Sporcle

Challenge
Share
Tweet
Embed
Score 0/20 Timer 04:00
0 Plays Today
Rank / Continent Country % Correct
2. OceaniaNew Zealand
84.6%
138. Europe / AsiaRussia
82.7%
1. EuropeIceland
69.2%
9. EuropeIreland
69.2%
7. EuropePortugal
65.4%
5. EuropeAustria
58.7%
139. South AmericaVenezuela
57.7%
135. AsiaIran
52.9%
140. South AmericaBolivia
51.9%
136. EuropeLatvia
48.1%
Rank / Continent Country % Correct
133. EuropeSlovakia
47.1%
132. EuropeBulgaria
40.4%
3. AfricaMorocco
39.4%
134. AsiaPakistan
37.5%
8. EuropeBosnia and Herzegovina
29.8%
131. AsiaMongolia
28.8%
4. EuropeMacedonia
28.8%
137. AsiaKuwait
24%
6. AfricaSenegal
21.2%
10. AfricaBurkina Faso
6.7%

You're not logged in!

Compare scores with friends on all Sporcle quizzes.
Join for Free
OR
Log In

You Might Also Like...

Show Comments

Extras

Top Quizzes Today


Score Distribution

Your Account Isn't Verified!

In order to create a playlist on Sporcle, you need to verify the email address you used during registration. Go to your Sporcle Settings to finish the process.

Report this User

Report this user for behavior that violates our Community Guidelines.

Details: